000 00307cam a2200133ua 4500
003 OSt
008 221102b |||||||| |||| 00| 0 eng d
041 _amal
082 _a300
_bKER/SO
245 _aSamoohya padangal /
260 _aIndia :
_bGovernment of Kerala ,
_c1963.
300 _a107 ; .
942 _cBK
999 _c4643
_d4643